| 000 | 00812nam a2200229 u 4500 | ||
|---|---|---|---|
| 005 | 20250910063906.0 | ||
| 008 | 090703s2005 r 000 0 eng d | ||
| 020 | _a9562404927 | ||
| 035 | _aUPN01000171614 | ||
| 049 | _aCG | ||
| 050 | 4 |
_aLB1134 _bR6.2 |
|
| 100 | 1 |
_aRomán Pérez, Martiniano _936618 |
|
| 245 | 1 | 0 |
_aCapacidades y valores como objetivos en la sociedad del conocimiento : _bperspectiva didáctica / _cMartiniano Román Pérez. |
| 260 |
_aSantiago de Chile : _bArrayán, _c2005. |
||
| 300 |
_a184 p. : _bcuadros |
||
| 440 | 0 |
_aPerfeccionamiento docente. _pTeoría para la práctica |
|
| 650 | 4 |
_aAPTITUD DE APRENDIZAJE _95057 |
|
| 650 | 4 |
_aEducación _xFines y objetivos _94837 |
|
| 650 | 4 |
_aCONOCIMIENTO Y APRENDIZAJE _912091 |
|
| 650 | 4 |
_aValores _xEstudio y enseñanza _9310 |
|
| 905 | _aLibro | ||
| 999 |
_c143719 _d143719 |
||